| 000 | 00959nam a22002897a 4500 | ||
|---|---|---|---|
| 001 | BR8204317 | ||
| 003 | BR-BrBNA | ||
| 005 | 20230928091415.0 | ||
| 007 | ta | ||
| 008 | 230509b bl.||||| |||| 00| 0 por d | ||
| 040 |
_aBR-BrBNA _bpor _cBiblioteca Nacional de Agricultura |
||
| 041 | _a(Por) | ||
| 072 |
_aK20 _b/G514 |
||
| 090 | _ K20 BR8204317 | ||
| 110 | 1 |
_aInstituto Brasileiro de Desenvolvimento Florestal, Brasilia, DF. Depto. de Economia Florestal _95737 |
|
| 245 | 1 | _aPrograma de monitoramento da cobertura florestal do Brasil. Alteracao da cobertura vegetal natural do estado de Rondonia. Relatorio tecnico [recurso florestal, Brasil] | |
| 260 | 3 |
_aBrasilia, DF (Brasil): _c1982. |
|
| 300 | _a68 p. | ||
| 500 | _a15 tables; 16 ref. | ||
| 650 | _aCOBERTURA VEGETAL | ||
| 650 | _aRECURSO FLORESTAL | ||
| 650 | _aADMINISTRACAO FLORESTAL | ||
| 650 | _aMAPA | ||
| 650 | _aRONDONIA | ||
| 909 |
_a202309 _bLucia _c55 _dLucia Elande |
||
| 942 | _cBK | ||
| 999 |
_c33732 _d33732 |
||